|
|
|
|
| LEADER |
01046nam a2200253 a 4500 |
| 001 |
c000343177 |
| 003 |
CARM |
| 005 |
00000000000000.0 |
| 008 |
851017s1945 xna 00010 eng d |
| 019 |
1 |
|
|a 23972024
|z 45131903
|z 3458403
|5 LACONCORD2021
|
| 035 |
|
|
|a (OCoLC)20310627
|5 LACONCORD2021
|
| 040 |
|
|
|a ANL
|c ANL
|
| 043 |
|
|
|a u-at---
|
| 082 |
1 |
|
|a 332.110994
|2 19
|
| 100 |
1 |
|
|a McConnell, W. K.
|q (William Kennedy)
|
| 245 |
1 |
4 |
|a The origin and development of the Commonwealth Bank /
|c by W.K. McConnell.
|
| 260 |
|
|
|a Sydney :
|b Institute of Public Affairs (N.S.W.),
|c 1945
|e (Dulwich Hill [N.S.W.] :
|f Alanson Pty. Ltd.)
|
| 300 |
|
|
|a 35 p. ;
|c 22 cm.
|
| 610 |
2 |
0 |
|a Commonwealth Bank of Australia
|x History.
|
| 650 |
|
0 |
|a Banks and banking
|z Australia
|x History.
|
| 710 |
2 |
|
|a Institute of Public Affairs (N.S.W.)
|
| 852 |
8 |
|
|b CARM
|h A1:AL24F0
|i B10066
|p 0447942
|f BK
|
| 999 |
f |
f |
|i 08609ae1-b0bc-57b0-af83-c7d93c533cdb
|s 2bc2117a-c65d-5d40-ad00-5df4641bc3d6
|
| 952 |
f |
f |
|p Can circulate
|a CAVAL
|b CAVAL
|c CAVAL
|d CARM 1 Store
|e B10066
|f A1:AL24F0
|h Other scheme
|i book
|m 0447942
|